00000000nam##2200000za#4500
0019.604817
003CaOODSP
00520210624211811
007cr |||||||||||
008150406|2000||||xxc|||||o    f|0| 0 fre|d
040 |aCaOODSP|bfre
043 |an-cn---
0861 |aFo29-47/19-2000F-PDF
1101 |aCanada.|bRessources naturelles Canada. |bService canadien des forêts.
24510|aSpécimens en double de microarthropodes|h[ressource électronique]|c[Par] M. Clayton et L. Humble.
260 |aVictoria - Colombie Britannique : |bRessources naturelles Canada. |c2000.
300 |a6p.|bfigures, ill., références
4901 |aNotes de transfert technologique|vN° 19, octobre 2000
500 |aLe n° de catalogue et l'ISSN de l'édition imprimée apparaissent dans cette version électronique.
590 |a12-40-Supp|b2012-10-23
7201 |aClayton, M.
7201 |aHumble, L.
77508|tMicroarthropod voucher specimens|w(CaOODSP)9.572372
7760#|tSpécimens en double de microarthropodes|w(CaOODSP)9.625413
830#0|aNotes de transfert technologique ;|vN° 19, octobre 2000|w(CaOODSP)9.501177
85640|ahttp://publications.gc.ca|qPDF|s292 Ko|uhttps://publications.gc.ca/collections/collection_2012/rncan-nrcan/Fo29-47-19-2000-fra.pdf|yN° 19, octobre 2000